[Event "SLO-chT2 East"]
[Site "Slovenia"]
[Date "2018.09.15"]
[Round "1"]
[White "Ruzic, Pia Marie"]
[Black "Susin, Ivan"]
[Result "0-1"]
[WhiteElo "1691"]
[BlackElo "1570"]
[PlyCount "70"]
[EventDate "2018.09.15"]
[EventType "team-tourn"]
[EventRounds "9"]
[EventCountry "SLO"]
[SourceTitle "EXT 2021"]
[Source "ChessBase"]
[SourceDate "2020.10.23"]
[SourceVersion "1"]
[SourceVersionDate "2020.10.23"]
[SourceQuality "1"]
[WhiteTeam "Krsko Triglav II"]
[BlackTeam "Brezice"]
[WhiteTeamCountry "SLO"]
[BlackTeamCountry "SLO"]

1. c4 e5 2. Nc3 Nf6 3. Nf3 Nc6 4. g3 Bb4 5. Bg2 d6 6. 0-0 Be6 7. d3 h6 8. Bd2 Qd7 9. Re1 Bh3 10. Bh1 0-0 11. a3 Bxc3 12. Bxc3 Rab8 13. b4 Ng4 14. e3 f5 15. Nh4 Ne7 16. Ng2 g5 17. f3 Nf6 18. Qe2 Rbe8 19. Qb2 Ng6 20. d4 e4 21. d5 Nh5 22. f4 Qe7 23. Red1 Kh7 24. Ne1 Rg8 25. Bg2 Bxg2 26. Nxg2 gxf4 27. gxf4 Nh4 28. Rd2 Nf3+ 29. Kh1 Nxd2 30. Qxd2 Rg4 31. h3 Rg3 32. Kh2 Reg8 33. Rg1 Qf7 34. Qd1 Qg6 35. Qe2 Rxh3+ 0-1